000 00627nam a2200229Ia 4500
003 OSt
005 20220925203019.0
006 a|||||r|||| 00| 0
007 ta
008 220923b |||||||| |||| 00| 0 eng d
037 _cGeneral Book
040 _aRTL
_cRTL
_beng
041 _2eng
_aeng
082 _aX:3M24xM93.2.N7, L1
100 _aRam Mohan
_9264775
245 0 _aMaoism in India
260 _aDelhi
_bVikas
_c1971
300 _avii, 196p
_ccm.
650 _aEconomic classics E C Maoism
_9252397
942 _hX:3M24xM93.2.N7, L1
_cGB
_2CC
999 _c544994
_d544994